Citizenship education in Europe

Guardado en:
Detalles Bibliográficos
Autores Corporativos: EURYDICE, European Commission
Formato: Libro
Lenguaje:inglés
Publicado: Brusel Education, Audiovisual and Culture Executive Agency 2012
Materias:
Etiquetas: Agregar Etiqueta
Sin Etiquetas, Sea el primero en etiquetar este registro!

MARC

LEADER 00000nam a2200000 4500
001 0159854
005 20240318114150.8
020 |a 978-92-9201-264-9 
041 0 |a eng 
044 |a BE 
245 1 0 |a Citizenship education in Europe 
264 1 |a Brusel  |b Education, Audiovisual and Culture Executive Agency  |c 2012 
300 |a 140 s. 
610 2 0 |a vzdelanie 
610 2 0 |a vzdelanosť 
610 2 0 |a vzdelávanie 
610 2 0 |a Európska únia 
610 2 0 |a kvalita vzdelávania 
710 2 |a EURYDICE 
710 2 |a European Commission